000 00691nam a22002057a 4500
003 OSt
005 20250830032514.0
008 250830b |||||||| |||| 00| 0 eng d
020 _a9789719316671
040 _aDWC-Main Lib.
_cOC
082 _24th ed.
100 _aNULL, LINDA
245 _aThe essentials of computer organization and architecture/
_cNULL, LINDA
260 _aBurlington, MA :
_bJones & Bartlett Learning,
_cc2015.
300 _axxxiii, 879 pages :
_billustrations ;
_c23 cm.
504 _aIncludes index.
650 _a1. Computer organization. 2. Computer architecture. I. Lobur, Julia. II. Title.
760 _b4th ed.
942 _2ddc
_cBK-CIRC
_hCirc.
_n0
999 _c4408
_d4408